Community-based adaptation to climate change : (Record no. 18400)
[ view plain ]
| 000 -LEADER | |
|---|---|
| fixed length control field | 00707cam a2200253 i 4500 |
| 020 ## - INTERNATIONAL STANDARD BOOK NUMBER | |
| ISBN | 9781853397905 |
| 020 ## - INTERNATIONAL STANDARD BOOK NUMBER | |
| ISBN | 1853397903 |
| 020 ## - INTERNATIONAL STANDARD BOOK NUMBER | |
| ISBN | 1853397911 |
| 020 ## - INTERNATIONAL STANDARD BOOK NUMBER | |
| ISBN | 9781853397912 |
| 040 ## - CATALOGING SOURCE | |
| Transcribing agency | UKMGB |
| 082 ## - DEWEY DECIMAL CLASSIFICATION NUMBER | |
| Classification number | 981 IIE 2009 C143 Or. |
| 245 00 - TITLE STATEMENT | |
| Title | Community-based adaptation to climate change : |
| Remainder of title | emerging lessons / |
| 300 ## - PHYSICAL DESCRIPTION | |
| Number of Pages | x, 206 pages : |
| Other physical details | illustrations ; |
| Dimensions | 24 cm |
| 650 #0 - SUBJECT ADDED ENTRY--TOPICAL TERM | |
| Topical Term | Climate change mitigation |
| 650 #0 - SUBJECT ADDED ENTRY--TOPICAL TERM | |
| Topical Term | Climatic changes |
| 650 #0 - SUBJECT ADDED ENTRY--TOPICAL TERM | |
| Topical Term | Climatic changes. |
| 650 #0 - SUBJECT ADDED ENTRY--TOPICAL TERM | |
| Topical Term | Climatic changes |
| 650 #0 - SUBJECT ADDED ENTRY--TOPICAL TERM | |
| Topical Term | Community development. |
| 650 #0 - SUBJECT ADDED ENTRY--TOPICAL TERM | |
| Topical Term | Sustainable development. |
| 700 1# - ADDED ENTRY--PERSONAL NAME | |
| Personal name | Ensor, Jonathan, |
| 700 1# - ADDED ENTRY--PERSONAL NAME | |
| Personal name | Huq, Saleemul, |
| 700 1# - ADDED ENTRY--PERSONAL NAME | |
| Personal name | Berger, Rachel, |
| 942 ## - ADDED ENTRY ELEMENTS (KOHA) | |
| Koha item type | ADB |
| 952 ## - LOCATION AND ITEM INFORMATION (KOHA) | |
| Withdrawn status [LOCAL, KOHA] | 0 |
| Source of acquisition | Permanent Location | Date acquired | Koha item type | Lost status | Shelving location | Current Location | Full call number |
|---|---|---|---|---|---|---|---|
| A38247 | Library Block C | 2019-11-18 | សៀវភៅភាសាអង់គ្លេស | C143 | Library Block C | 981 IIE 2009 C143 Or. |